|
|
|
|
| LEADER |
01112nam a2200289 a 4500 |
| 001 |
3557079 |
| 008 |
100120s1997 ii ab b 000 0 eng d |
| 010 |
|
|
|a \\\97904396
|
| 020 |
|
|
|a 8120410955
|
| 040 |
|
|
|a DLC
|c DLC
|d DLC
|d BD-DhAAL
|
| 082 |
0 |
0 |
|a 333.7/0954
|2 21
|
| 245 |
0 |
0 |
|a Natural resource economics :
|b theory and application in India /
|c editors, John M. Kerr ... [et al.].
|
| 260 |
|
|
|a New Delhi :
|b Oxford & IBH Pub. Co.,
|c c1997.
|
| 300 |
|
|
|a xxxvi, 636 p. :
|b ill., map ;
|c 25 cm.
|
| 520 |
|
|
|a Contributed articles.
|
| 504 |
|
|
|a Includes bibliographical references.
|
| 541 |
1 |
|
|e 00008204
|
| 650 |
|
0 |
|a Natural resources
|z India.
|
| 650 |
|
0 |
|a Environmental policy
|z India.
|
| 700 |
1 |
|
|a Kerr, J. M.
|
| 700 |
1 |
|
|a Marothia, Dinesh K.
|
| 700 |
1 |
|
|a Singh, Katar.
|
| 700 |
1 |
|
|a Ramasamy, C.
|
| 700 |
1 |
|
|a Bentley, William R.
|
| 852 |
4 |
|
|a Ayesha Abed Library
|j General shelf
|
| 999 |
|
|
|c 7067
|d 7067
|
| 952 |
|
|
|0 0
|1 0
|2 ddc
|4 1
|6 333_709540000000000_NAT
|7 0
|9 7339
|a BRACUL
|b BRACUL
|c SPS
|d 2010-01-21
|l 0
|o 333.70954 NAT
|p 3010008204
|r 2010-01-21
|t 1
|w 2010-01-21
|y BK
|x Photocopy Book. Declared as Damaged on December 10, 2023
|